000 00911nac a22002417a 4500
001 BR7805909
003 BR-BrBNA
005 20240105114312.0
008 230509b bl.|||m| |||| 00| 0 por d
040 _aBR-BrBNA
_bpor
_cBiblioteca Nacional de Agricultura
072 _aE15; C00
090 _aE15 BR7805909
110 1 _aEmpresa de Assistencia Tecnica e Extensao Rural do Estado de Mato Grosso, Cuiaba (Brasil)
_94017
245 1 _aRelatorio financeiro 1977 [Contabilidade; Empresa de Assistencia tecnica e Extensao Rural do Estado de Mato Grosso; Brasil]
260 3 _aCuiaba, MT (Brasil):
_c1978.
300 _a43 p.
490 _aRelatorio Financeiro - Empresa de Assistencia Tecnica e Extensao Rural do Estado de Mato Grosso (Brazil)
_v
_x
500 _a30 tables
650 _aCONTABILIDADE
650 _aMATO GROSSO
909 _a202312
_bLúcia Elande
_c55
_dLúcia Elande
942 _2AGRIS
_n0
_cMS
999 _c268563
_d268563